Guess the singer - N - Statistics

General Stats
  • This quiz has been taken 103 times
  • The average score is 10 of 30
Answer Stats
Hint Answer % Correct
Hot in Herre Nelly
76%
Bye Bye Bye *NSYNC
73%
Come As You Are Nirvana
71%
Sweet Caroline Neil Diamond
66%
Starships Nicki Minaj
63%
Promiscuous Nelly Furtado
62%
How You Remind Me Nickelback
56%
Don't Speak No Doubt
56%
Miss Independent Ne-Yo
53%
Sweater Weather The Neighbourhood
44%
Torn Natalie Imbruglia
40%
Unwritten Natasha Bedingfield
33%
Heart of Gold Neil Young
32%
Hypnotize The Notorious B.I.G.
32%
Closer Nine Inch Nails
30%
Jealous Nick Jonas
29%
N.Y. State of Mind Nas
27%
Blue Monday New Order
24%
Stick Season Noah Kahan
21%
Everybody Talks Neon Trees
20%
Super Shy NewJeans
20%
This Town Niall Horan
20%
Sister Christian Night Ranger
17%
Feeling Good Nina Simone
17%
You Get What You Give New Radicals
14%
Love Lies Normani
11%
Wouldn't It Be Good Nik Kershaw
9%
6 In the Morning Nate Dogg
6%
Mr. Telephone Man New Edition
4%
I Need My Girl The National
1%
No matching quizzes found
Score Distribution
Percent of People with Each Score
Percentile by Number Answered
Your Score History
You have not taken this quiz